000 00405 a2200169 4500
001 71351
020 _a8526221787
040 _cAnchieta - Colégio São Paulo
100 _aBorowski, Anna Campos
240 1 0 _aHistórias de um rei-pastor
_lpor
245 1 0 _aHistórias de um rei-pastor
300 _a24
362 0 _a1993
440 1 _aScipione
650 4 _aLiteratura infanto-juvenil
942 _cBK
999 _c71351
_d71351